[Event "Aragon-ch Seniors 50+"]
[Site "Zaragoza"]
[Date "2019.06.01"]
[Round "7"]
[White "Santos Hernandez, Higinio"]
[Black "Garcia Lasheras, Miguel Angel"]
[Result "0-1"]
[WhiteElo "1392"]
[BlackElo "1702"]
[PlyCount "112"]
[EventDate "2019.04.27"]
[EventType "swiss"]
[EventRounds "8"]
[EventCountry "ESP"]
[SourceTitle "EXT 2020"]
[Source "ChessBase"]
[SourceDate "2019.10.17"]
[SourceVersion "1"]
[SourceVersionDate "2019.10.17"]
[SourceQuality "1"]

1. d4 Nf6 2. Nf3 d5 3. c4 e6 4. Nc3 Be7 5. Bg5 a6 6. cxd5 exd5 7. Qa4+ c6 8. e3 0-0 9. Bd3 Nbd7 10. 0-0 Re8 11. Rfe1 h6 12. Bf4 Nh5 13. Qc2 Nxf4 14. exf4 Nf6 15. Ne5 c5 16. dxc5 Bxc5 17. Rad1 Qd6 18. Re2 Bd7 19. Rde1 Red8 20. Nxd7 Qxd7 21. f5 Rac8 22. Qb3 Qc6 23. Rc2 Qd6 24. Qxb7 Ng4 25. g3 Ra8 26. Qb3 Rab8 27. Qa4 Nxf2 28. Rxf2 Rxb2 29. Re8+ Rxe8 30. Qxe8+ Qf8 31. Qxf8+ Kxf8 32. Nd1 Rxa2 33. Kf1 Bxf2 34. Nxf2 Ke7 35. h4 Kd6 36. Nd1 Rd2 37. Be2 a5 38. Ke1 Rc2 39. Ne3 Rb2 40. Bf3 Rb5 41. Kd2 Ke5 42. g4 a4 43. Be2 Rb2+ 44. Kd3 a3 45. Nc2 a2 46. Na1 Rb1 47. Nc2 a1Q 48. Nxa1 Rxa1 49. h5 Ra4 50. Kd2 Ra2+ 51. Kd3 Rxe2 52. Kxe2 Kd4 53. Kf3 f6 54. Kf4 Kc3 55. Ke3 d4+ 56. Ke2 Kc2 0-1

[Event "Aragon-ch Seniors 50+"]
[Site "Zaragoza"]
[Date "2019.05.11"]
[Round "4"]
[White "Fernandez Sierra, Pedro Jose"]
[Black "Garcia Lasheras, Miguel Angel"]
[Result "1-0"]
[WhiteElo "1502"]
[BlackElo "1702"]
[PlyCount "71"]
[EventDate "2019.04.27"]
[EventType "swiss"]
[EventRounds "8"]
[EventCountry "ESP"]
[SourceTitle "EXT 2020"]
[Source "ChessBase"]
[SourceDate "2019.10.17"]
[SourceVersion "1"]
[SourceVersionDate "2019.10.17"]
[SourceQuality "1"]

1. e4 e5 2. Bc4 Nf6 3. d3 Be7 4. Nf3 Nc6 5. Bb5 d6 6. h3 Bd7 7. c3 a6 8. Ba4 0-0 9. 0-0 b5 10. Bc2 d5 11. exd5 Nxd5 12. Re1 Bf6 13. Nbd2 Re8 14. Ne4 Bf5 15. Nh2 Nf4 16. Qf3 Bxe4 17. Qxe4 Qd5 18. Bxf4 Qxe4 19. Rxe4 exf4 20. Rae1 Rxe4 21. Rxe4 g5 22. d4 h5 23. h4 Kg7 24. hxg5 Bxg5 25. Nf3 Bh6 26. d5 Na5 27. Re7 Rc8 28. Bf5 Kf6 29. Rxf7+ Kxf7 30. Bxc8 Nc4 31. Bxa6 Nxb2 32. Bxb5 Nd1 33. c4 Ke7 34. a4 Kd6 35. a5 Kc5 36. Ne5 1-0

[Event "Zaragoza Artistica op"]
[Site "Zaragoza"]
[Date "2013.05.11"]
[Round "7"]
[White "Garcia Lasheras, Miguel Angel"]
[Black "Montes Llorente, Diego"]
[Result "1-0"]
[WhiteElo "1871"]
[BlackElo "1546"]
[PlyCount "96"]
[EventDate "2013.04.13"]
[EventType "swiss"]
[EventRounds "9"]
[EventCountry "ESP"]
[SourceTitle "CBM 154 Extra"]
[Source "ChessBase"]
[SourceDate "2013.06.25"]
[SourceVersion "2"]
[SourceVersionDate "2013.06.25"]
[SourceQuality "1"]

1. d4 Nf6 2. e3 c5 3. Nf3 Nc6 4. c3 d5 5. Bd3 c4 6. Bc2 Bg4 7. Nbd2 e6 8. h3 Bh5 9. e4 Be7 10. 0-0 0-0 11. Re1 Re8 12. e5 Nd7 13. Nf1 Qb6 14. Bxh7+ Kxh7 15. Ng5+ Kg8 16. Qxh5 Bxg5 17. Qxg5 Qd8 18. Qg4 Qe7 19. Bh6 g6 20. h4 Kh7 21. Bg5 Qf8 22. h5 Qg7 23. hxg6+ Qxg6 24. Re3 Rh8 25. Rae1 Rag8 26. Rh3+ Kg7 27. Bf6+ Nxf6 28. exf6+ Kxf6 29. Qxg6+ Kxg6 30. Rxh8 Rxh8 31. Nh2 Kf6 32. g3 Rg8 33. Nf3 Ke7 34. Ne5 Nxe5 35. Rxe5 f6 36. Rh5 Rg7 37. Rh8 Kd6 38. Rf8 Ke7 39. Rb8 Kd6 40. Kg2 e5 41. Rd8+ Ke6 42. dxe5 fxe5 43. f3 Rd7 44. Rxd7 Kxd7 45. f4 d4 46. cxd4 exd4 47. Kf2 Kd6 48. g4 Kd5 1-0